000 00297nam a2200133 i 4500
001 bg
245 0 _aPoluprovodnikovye pribory i ich primenenie.
250 _aVyp.25.
260 _aMoskva,
_c1971.
040 _cBPK
041 _apol
942 _cKS
008 s pl f |000 0 pol
999 _c25533
_d25533
856 _uhttp://koha.tu.koszalin.pl/cgi-bin/koha/opac-detail.pl?biblionumber=25533
_yKatalog online BPK